000 00227nam a2200085Ia 4500
008 170620s9999 xx 000 0 und d
100 _aEdiger- Marlow
245 0 _aPsychology and Curriculum
260 _bNew Delhi- Discovery Publishing House
260 _c2003
999 _c24513
_d24513